000 00462nam a2200181Ia 4500
001 11439
005 20260306162828.0
008 260306t1980||||xx |||||||||||||| ||spa||
041 _aESP
082 _a985.05
_bB73
100 _aBonilla, Heraclio
_eAUT
245 0 _aUn siglo a la deriva:
_bensayos sobre el Perú, Bolivia y la guerra
260 _c1980
300 _a236 páginas :
_c19 cm.
650 _aGEN
654 _aCHU
942 _cLIB
_dJUS
_fJUS
_2ddc
_n
999 _c11439
_d11439